000 02081nam a2200397Ia 4500
001 dia_7056
003 CHAP
005 20240624180724.0
007 ta
008 220117s2018 mx adobf 001 0 spa d
040 _amxchpua
_cCHAP
090 _aT.C.760
_bS47 SAI
_c2018
245 1 0 _aSistema producto : cebada-malta-cerveza artesanal \
_ccoordinador Marco Favio Sepúlveda Ramírez ; colaboradores Cristián González Cortés...[y otros]
260 _aMéxico :
_bEl autor,
_c2018
300 _a356 páginas :
_bilustraciones, tablas, gráficas, mapas, fotos
336 _2rdacontent
_atexto
_btxt
337 _2rdamedia
_ano mediado
_bn
338 _2rdacarrier
_avolumen
_bnc
500 _aGrado: 6° año Grupo: 03 Directorio: páginas 348-351
502 _aViaje de estudios
_b(SAI) --
_cUACh. Departamento de Ingeniería Agroindustrial,
_d2018
504 _aBibliografía: páginas
505 0 0 _aEmpresas visitadas : --
_t1.Destilería Ayutla -- 2.Cervecería San Pascual Bailón -- 3 Cervecería Don Goyo -- 4.Fonda Santa Clara -- 5.DRAFT GASTROPUB -- 6.Cervecería V13 -- 7.Cervecería Heroica -- 8.Cervecería Artesanal Olmeca, S.A.S. de C.V. -- 9.Cervecería Artesanal La Célebre -- 10.Compañía Cervecera de Campeche de R.L. de C.V. -- 11.Homero Taberna -- 12.Cervecería Artesanal Alux -- 13.Cervecería Artesanal La Ceiba -- 14.Cervecería Artesanal Patito -- 15.Cervecería Artesanal Cancún -- 16.Cervecería Artesanal Tulum -- 17.Carmen Beer Co. -- 18.Pescadores
650 1 3 _aCervezas
_9149283
650 1 0 _aIndustria cervecera
_zMéxico
_9149284
650 1 3 _aBeers
_9149281
650 1 0 _aBrewing industry
_zMéxico
_9149282
700 1 _aRamírez Sepúlveda, Marco Favio
_9150304
_ecoordinador
700 1 _aGonzález Cortés, Cristian
_9162883
_ecolaborador
856 4 1 _uhttp://10.13.5.2/ve/TC760SAI/TC760SAI2018-REPORTE.pdf
_yDESCARGAR REPORTE
901 _aT.C.760 S47 SAI 2018
902 _aM
905 _a5232272018 mx dnml8223123322spa16
942 _2local
942 _cVE
999 _c178309
_d178309